[Event "9th Open"]
[Site "Pilsen-Lobzy CZE"]
[Date "2003.08.22"]
[Round "7"]
[White "Jansa,Vl"]
[Black "Klima,L"]
[Result "1-0"]
[WhiteElo "2470"]
[BlackElo "2425"]

1.e4 c5 2.Nf3 Nc6 3.Bb5 g6 4.O-O Bg7 5.c3 Nf6 6.Re1 O-O 7.h3 e5 8.a3 d6 9.b4 Bd7
10.d3 Re8 11.Nbd2 a6 12.Bc4 b5 13.Ba2 a5 14.bxc5 dxc5 15.Nb3 Bf8 16.Be3 Qb6
17.d4 exd4 18.cxd4 Nxe4 19.Nxc5 Nxc5 20.dxc5 Qb7 21.Ng5 Ne5 22.Bd4 Nc4 23.a4 Rxe1+
24.Qxe1 Qd5 25.Qe4 Qxg5 26.Qxa8 Be6 27.Bxc4 bxc4 28.Be3  1-0

[Event "Open"]
[Site "Porto San Giorgo ITA"]
[Date "2003.08.22"]
[Round "2"]
[White "Trent,L"]
[Black "Miladinovic,I"]
[Result "1/2-1/2"]
[WhiteElo "2299"]
[BlackElo "2609"]

1.e4 c5 2.Nf3 Nc6 3.Bb5 e6 4.O-O Nge7 5.Nc3 Nd4 6.Nxd4 cxd4 7.Ne2 a6 8.Ba4 b5
9.Bb3 Nc6 10.d3 Bc5 11.f4 Na5 12.f5 Nxb3 13.axb3 e5 14.f6 gxf6 15.Ng3 d5
16.exd5 Qxd5 17.Ne4 Be7 18.Rxf6 Be6 19.Qf3 O-O-O 20.Bg5 Bxf6 21.Bxf6 Qc6
22.Bxh8 Rxh8 23.Qf6 Rg8 24.Qxe5 Qxc2 25.g3 Bh3 26.Nf2 Bd7 27.Qxd4 Rg6 28.Re1 Re6
29.Ne4 Bc6 30.Qh8+ Kc7 31.Qxh7 Re7 32.Qh4 Rd7 33.Qf4+ Kb7 34.Qf2 Qxf2+ 35.Nxf2 a5
36.h4 Bd5 37.Ne4 Bxe4 38.dxe4 Rd3 39.Kg2 Rxb3 40.Re2 Rd3 41.h5 a4 42.g4 b4
43.g5 a3 44.bxa3 Rxa3 45.h6 Kc6 46.h7 Ra8 47.e5 Kd7 48.Kf3 Rh8 49.Rh2 b3
50.Ke4 Ke6 51.Rh6+ Ke7 52.Kf5 b2 53.Rb6 Rxh7 54.Rb7+ Ke8 55.Kf6 Rh2 56.Rb8+ Kd7
57.Kxf7 Rf2+ 58.Kg7 Ke6 59.Rb5 Re2 60.g6 Rg2 61.Kh7 Rh2+ 62.Kg8 Rg2 63.g7 Rf2
64.Kh7 Rh2+ 65.Kg8 Rf2 66.Kh7 Rh2+ 67.Kg6 Rg2+ 68.Kh6 Rh2+ 69.Kg5 Rg2+ 70.Kf4 Rxg7
71.Rxb2 Rg1  1/2-1/2

[Event "Open"]
[Site "Vienna AUT"]
[Date "2003.08.22"]
[Round "7"]
[White "Mahdi,K"]
[Black "Hoelzl,F"]
[Result "1/2-1/2"]
[WhiteElo "2423"]
[BlackElo "2354"]

1.e4 c5 2.Nf3 Nc6 3.Bb5 d6 4.O-O Bd7 5.c3 Nf6 6.Re1 a6 7.Bf1 Bg4 8.h3 Bh5
9.d3 e6 10.Nbd2 d5 11.exd5 Nxd5 12.Ne4 Qc7 13.Ng3 Bg6 14.Bd2 Be7 15.Qc1 Rd8
16.a3 O-O 17.b4 Nf6 18.Bf4 Qc8 19.Ne4 Nxe4 20.dxe4 cxb4 21.cxb4 Nd4 22.Nxd4 Rxd4
23.Qxc8 Rxc8 24.f3 Rdd8 25.Rac1 f6  1/2-1/2

[Event "ADCF Masters"]
[Site "Abu Dhabi UAE"]
[Date "2003.08.23"]
[Round "7"]
[White "Al Tamimi,H"]
[Black "Mohandesi,S"]
[Result "0-1"]
[WhiteElo "2193"]
[BlackElo "2337"]

1.e4 c5 2.Nf3 Nc6 3.Bb5 d6 4.Bxc6+ bxc6 5.O-O Bg4 6.d3 e5 7.h3 Bh5 8.c3 Nf6
9.Nbd2 Be7 10.Qc2 Rc8 11.Re1 Nd7 12.d4 exd4 13.cxd4 O-O 14.b3 Bg6 15.Bb2 Re8
16.Rad1 Bf8 17.Qc1 Qc7 18.Ba3 cxd4 19.Nxd4 Nf6 20.f3 c5 21.Ne2 d5 22.exd5 Nxd5
23.Nc4 Nb4 24.Bxb4 cxb4 25.Nf4 Rxe1+ 26.Rxe1 Bf5 27.Kh1 Rd8 28.Qe3 Qc5 29.Qxc5 Bxc5
30.Re5 Rd1+ 31.Kh2 Bg1+ 32.Kg3 g6 33.Rb5 Ra1 34.Nd6 Be6 35.Nxe6 fxe6 36.Rxb4 Rxa2
37.Rb8+ Kg7 38.Rb7+ Kg8 39.Rb8+ Kg7 40.Rb7+ Kg8 41.Ne4 h5 42.Rb8+ Kg7 43.Rb7+ Kf8
44.Rb8+ Ke7 45.Rb7+ Kd8 46.h4 e5 47.Rg7 Ra6 48.Nf2 Ke8 49.Rc7 Ra2 50.Ne4 Be3
51.Rc6 Kf7 52.Rc7+ Kf8 53.Rc8+ Ke7 54.Rc6 Rb2 55.Rxg6 Rxb3 56.Ra6 Kd8 57.Ra5 Bd4
58.Nf6 Kc7 59.Nxh5 Kb6 60.Rd5 a5 61.Nf6 a4 62.h5 a3 63.h6 Rb1 64.Kg4 Rh1
65.Rd6+ Kb5 66.Rd5+ Kb4 67.Rd8 Rxh6 68.Nd5+ Kc4 69.Ra8 Bc5 70.Ne3+ Kb3 71.Nd5 Rd6
72.Nc7 a2 73.Nb5 Rg6+ 74.Kf5 Rxg2 75.Kxe5 Rg1 76.Kd5 Rg5+ 77.Ke4 Bb4 78.Nd4+ Kb2
79.Ne2 Ba5  0-1

[Event "ADCF Masters"]
[Site "Abu Dhabi UAE"]
[Date "2003.08.23"]
[Round "7"]
[White "Kayumov,D"]
[Black "Mashinskaya,I"]
[Result "1/2-1/2"]
[WhiteElo "2505"]
[BlackElo "2183"]

1.e4 c5 2.Nf3 Nc6 3.Bb5 g6 4.Bxc6 bxc6 5.O-O Bg7 6.Re1 Nh6 7.c3 O-O 8.d4 cxd4
9.cxd4 f6 10.Nc3 d6 11.h3 Nf7 12.b3 Qa5 13.Bb2 Bd7 14.Nd2 Rae8 15.Nc4 Qc7
16.Rc1 Bc8 17.d5 c5 18.Nb5 Qb8 19.Nba3 Bd7 20.Bc3 Ne5 21.f4 Nxc4 22.Nxc4 Bh6
23.Bd2 e5 24.dxe6 Bxe6 25.f5 Bxd2 26.Qxd2 Bxc4 27.Rxc4 Re5 28.Re3 Kg7 29.Rd3 Rd8
30.Rd5 Rxd5 31.Qxd5 Re8 32.Ra4 Qb6 33.Kh1 Re7 34.Kh2 Re5 35.Qd3 Qc7 36.Kg1 Qe7
37.Ra6 Rxe4 38.Qxd6 Qxd6 39.Rxd6 gxf5 40.Rd7+ Kg6 41.Rxa7 c4 42.Kf2 cxb3
43.axb3 Rb4 44.Ra3 Kg5 45.Ke2 f4 46.Kd2  1/2-1/2

[Event "9th Open"]
[Site "Pilsen-Lobzy CZE"]
[Date "2003.08.23"]
[Round "8"]
[White "Pokrupa,M"]
[Black "Vagner,T"]
[Result "1/2-1/2"]
[WhiteElo "2115"]
[BlackElo "2161"]

1.e4 c5 2.Nf3 Nc6 3.Bb5 g6 4.Bxc6 bxc6 5.O-O Bg7 6.Re1 Nf6 7.c3 O-O 8.d4 cxd4
9.cxd4 d6 10.Nc3 Bg4 11.h3 Bxf3 12.Qxf3 Nd7 13.Qd3 Qb6 14.Rd1 c5 15.Nd5 Qd8
16.Bg5 Re8 17.e5 h6 18.e6 fxe6 19.Bxh6 Bxh6 20.Qxg6+ Bg7 21.Nf4 Nf8 22.Qg4 Kh7
23.Qh5+  1/2-1/2

[Event "Open"]
[Site "Porto San Giorgo ITA"]
[Date "2003.08.23"]
[Round "3"]
[White "Glek,I"]
[Black "Tomescu,V"]
[Result "1/2-1/2"]
[WhiteElo "2566"]
[BlackElo "2427"]

1.e4 c5 2.Nf3 Nc6 3.Bb5 e6 4.O-O Nge7 5.Re1 a6 6.Bxc6 Nxc6 7.d4 cxd4 8.Nxd4 Be7
9.Nxc6 dxc6 10.Qh5 g6 11.Qh6 e5 12.Nc3 Bf8 13.Qe3 Qc7 14.Rd1 Be7 15.Na4 Bg4
16.f3 Rd8 17.Qe1 Rxd1 18.Qxd1 Be6 19.Be3 c5 20.c4 O-O 21.Qe2 Bxc4 22.Qxc4 b5
23.Qc2 bxa4 24.Qxa4 Qb7 25.b3 Qb5 26.Qxb5 axb5 27.Rc1 Rc8 28.Kf1 Kf8 29.a4 bxa4
30.bxa4 Ra8 31.Ra1 Ke8 32.Ke2 Kd7 33.Kd3 Kc6 34.Kc4 f6 35.a5 Bd8 36.Bd2 Ra7
37.Bc3 Bc7 38.g4 g5 39.Be1 Bd8 40.a6 Bb6 41.h4 h6 42.Bf2 Ra8  1/2-1/2

[Event "9th Open"]
[Site "Pilsen-Lobzy CZE"]
[Date "2003.08.24"]
[Round "9"]
[White "Pokrupa,M"]
[Black "Hrbolka,L sr"]
[Result "1-0"]
[WhiteElo "2115"]
[BlackElo "2174"]

1.e4 c5 2.Nf3 Nc6 3.Bb5 g6 4.Bxc6 dxc6 5.d3 Bg7 6.h3 e5 7.Be3 b6 8.Qd2 Ne7
9.Bh6 O-O 10.Bxg7 Kxg7 11.Nxe5 f6 12.Ng4 g5 13.Nc3 Ng6 14.O-O-O Be6 15.d4 cxd4
16.Qxd4 Qxd4 17.Rxd4 Rad8 18.Rhd1 Rxd4 19.Rxd4 Rf7 20.Rd6 Bxg4 21.hxg4 Ne5
22.Nd1 Nxg4 23.Rxc6 h5 24.Rc8 h4 25.Kd2 Ne5 26.Ne3 g4 27.Nf5+  1-0

[Event "Open"]
[Site "Vienna AUT"]
[Date "2003.08.24"]
[Round "9"]
[White "Mahdi,K"]
[Black "Bensch,P"]
[Result "1/2-1/2"]
[WhiteElo "2423"]
[BlackElo "2302"]

1.e4 c5 2.Nf3 Nc6 3.Bb5 g6 4.O-O Bg7 5.Bxc6 dxc6 6.h3 Nf6 7.Nc3 O-O 8.d3 Nd7
9.Be3 e5 10.Qd2 Re8 11.Nh2 Qe7 12.Bh6 Bh8 13.Ne2 Nf8 14.Bg5 Qd6 15.Be3 Be6
16.b3 Bg7 17.Rad1 Nd7 18.Bh6 Bh8 19.Kh1 a5 20.f4 exf4 21.Bxf4 Qe7 22.Nf3 a4
23.Ng5 axb3 24.cxb3 Nf8 25.Qc2 Red8 26.Rf3 Bg7 27.Rdf1 h6 28.Nxe6 Nxe6 29.Be3 Rf8
30.Nf4 Nd4 31.Bxd4 Bxd4 32.Ne2 Bg7 33.Rc1  1/2-1/2

[Event "Open"]
[Site "Vienna AUT"]
[Date "2003.08.24"]
[Round "9"]
[White "Todor,R"]
[Black "Neihs,H"]
[Result "0-1"]
[WhiteElo "2238"]
[BlackElo "2150"]

1.e4 c5 2.Nf3 Nc6 3.Bb5 g6 4.O-O Bg7 5.c3 e5 6.d4 cxd4 7.cxd4 exd4 8.Bf4 Nge7
9.Bd6 O-O 10.Nbd2 b6 11.Rc1 Bb7 12.Re1 Re8 13.Bc4 Nc8 14.Bg3 Na5 15.Bd3 d5
16.Bb5 Rxe4 17.Nxe4 dxe4 18.b4 a6 19.Bf1 Nc6 20.Rxe4 Nxb4 21.Re1 Nc6 22.Qb3 b5
23.a4 Na5 24.Qa3 Bf8 25.Qd3 Bxf3 26.Qxf3 Nd6 27.axb5 axb5 28.Qd5 b4 29.Be5 Nf5
30.Qxd8 Rxd8 31.Bc7 Rd5 32.Ra1 Nb7 33.Red1 Bd6 34.Bxd6 Rxd6 35.Rab1 Rb6 36.g4 Nfd6
37.Rxd4 b3 38.Bg2 Nc5 39.Bd5 b2 40.Rd2 Na4 41.Rc2 Rb4 42.h3 Nb5 43.Rc8+ Kg7
44.Rb8 Nac3 45.Rxb2 Rxb2 46.Bc6 Rb1+ 47.Kg2 Nd4 48.Rc8 Nxc6 49.Rxc6 Ne4 50.Rc4 Ng5
51.Rc3 Rb2 52.Re3 Ne6 53.Rf3 g5 54.Ra3 Nf4+ 55.Kg3 Rd2 56.h4 h6 57.hxg5 hxg5
58.Ra5 f6 59.Ra7+ Kg6 60.Ra6 Rd3+ 61.Kh2 Rf3 62.Ra2 Nd3 63.Kg2 Rf4 64.Kg3 Ne5  0-1

[Event "ADCF Masters"]
[Site "Abu Dhabi UAE"]
[Date "2003.08.25"]
[Round "9"]
[White "Eid,Fa"]
[Black "Paridar,S"]
[Result "1-0"]
[WhiteElo "2398"]
[BlackElo "2250"]

1.e4 c5 2.Nf3 Nc6 3.Bb5 g6 4.O-O Bg7 5.Re1 Nf6 6.e5 Nd5 7.Nc3 Nc7 8.Bxc6 dxc6
9.Ne4 Ne6 10.d3 O-O 11.Be3 b6 12.Qd2 Nd4 13.Nxd4 cxd4 14.Bh6 c5 15.b3 Be6
16.Re2 Qd5 17.Bxg7 Kxg7 18.Qf4 b5 19.Rae1 Rac8 20.Qh4 Qd8 21.f4 h5 22.Ng3 Bg4
23.f5 Kh6 24.Ne4 Bxf5 25.Qf4+ Kg7 26.Ng3 Bg4 27.Rf2 Rc6 28.h3 Bd7 29.Ref1 Be8
30.Qg5 Kh7 31.Ne4 Qc7 32.Qg3 f5 33.Ng5+ Kh8 34.Qf4 e6 35.g4 Rg8 36.gxh5 gxh5
37.h4 Bg6 38.Kh2 Qc8 39.Rg1 Rc7 40.Rfg2 Rcg7 41.b4 cxb4 42.Qxd4 Be8 43.Qxb4 Bc6
44.Rg3 Bd5 45.Qf4 Qxc2+ 46.Kh3 Qc7 47.a3 a5 48.Qd2 Qe7 49.Qe2 f4 50.Qxh5+ Rh7
51.Nxh7 Rxg3+ 52.Rxg3 fxg3 53.Nf6+  1-0

[Event "European GP"]
[Site "Izmir TUR"]
[Date "2003.08.26"]
[Round "2"]
[White "Brodsky,M"]
[Black "Akcan,U"]
[Result "1-0"]
[WhiteElo "2555"]
[BlackElo "2187"]

1.e4 c5 2.Nf3 Nc6 3.Bb5 g6 4.Bxc6 dxc6 5.d3 Bg4 6.Nbd2 e5 7.h3 Bxf3 8.Nxf3 f6
9.Be3 Nh6 10.O-O Nf7 11.c3 Bd6 12.a3 Qe7 13.b4 O-O 14.Nd2 a5 15.bxa5 Rxa5
16.Nc4 Ra6 17.a4 Rfa8 18.Rb1 Nd8 19.f4 exf4 20.Bxf4 Bxf4 21.Rxf4 Ne6 22.Rf2 Rf8
23.a5 Raa8 24.Rb6 Rad8 25.Qb1 Rd7 26.a6 bxa6 27.Rxc6 Rfd8 28.Nb6 Rxd3 29.Nd5 R3xd5
30.exd5 Rxd5 31.Re2 Re5 32.Rxe5 fxe5 33.Qa2 Kf7 34.Rxa6 Qf6 35.Ra7+ Kg8 36.Qd5 h5
37.Ra6 Kf7 38.h4 Qf5 39.Qd7+ Kf6 40.Qd8+  1-0

[Event "XI Open A"]
[Site "Mislata ESP"]
[Date "2003.08.26"]
[Round "7"]
[White "Castella,F"]
[Black "Alonso,S"]
[Result "0-1"]
[WhiteElo "2302"]
[BlackElo "2474"]

1.e4 c5 2.Nf3 Nc6 3.Bb5 e6 4.O-O Nge7 5.Nc3 Nd4 6.Nxd4 cxd4 7.Ne2 a6 8.Ba4 b5
9.Bb3 Nc6 10.d3 Bc5 11.f4 Na5 12.Ng3 Nxb3 13.axb3 O-O 14.f5 f6 15.Qg4 e5
16.Rf3 Bb7 17.Nh5 Rf7 18.Rh3 d5 19.Ng3 dxe4 20.Nxe4 Rc8 21.Bd2 Bf8 22.Rc1 Rfc7
23.Ba5 Rxc2 24.Bxd8 Rxc1+ 25.Kf2 Bxe4 26.Qxe4 Rxd8 27.Rf3 Rc2+ 28.Kg3 Rxb2
29.Rf1 Rxb3 30.Ra1 Ba3 31.h3 a5 32.Kh2 a4 33.Qc6 Be7 34.h4 Kf8 35.Rd1 a3
36.Qa6 b4 37.Qa4 Rc3 38.Rb1 Rb8 39.Qa7 Rcc8 40.Rc1 Ra8 41.Qb7 Rcb8 42.Qd5 a2  0-1

[Event "Open"]
[Site "Porto San Giorgo ITA"]
[Date "2003.08.26"]
[Round "6"]
[White "Jones,G"]
[Black "Kuljasevic,D"]
[Result "1/2-1/2"]
[WhiteElo "2347"]
[BlackElo "2419"]

1.e4 c5 2.Nf3 Nc6 3.Bb5 e6 4.Bxc6 bxc6 5.d3 Ne7 6.Qe2 f6 7.Nh4 g6 8.f4 Bg7
9.Nf3 O-O 10.Qf2 d6 11.Nc3 Rb8 12.O-O h6 13.Qg3 Kh7 14.b3 f5 15.e5 dxe5 16.fxe5 Nd5
17.Na4 Nb4 18.Qf2 g5 19.Qxc5 Rb5 20.Qc4 g4 21.Nd4 Rxe5 22.Qxb4 c5 23.Nxc5 Rxc5
24.Bb2 Rc7 25.Rf2 e5 26.Nb5 Rd7 27.Re1 a6 28.Na3 a5 29.Qc4 Rd5 30.Rfe2 Qd6
31.Nb1 Ba6 32.Qc3 Rf7 33.Qd2 e4 34.Bxg7 Rxg7 35.Kh1 Qg6 36.Qf4 Rd6 37.Re3 exd3
38.cxd3 Rxd3 39.Nc3 Qg5 40.Qxg5 hxg5 41.Rxd3 Bxd3 42.Nd5 Rb7 43.Kg1  1/2-1/2

[Event "Acropolis Open"]
[Site "Athens GRE"]
[Date "2003.08.27"]
[Round "3"]
[White "Dzhumaev,M"]
[Black "Karayannis,A"]
[Result "1/2-1/2"]
[WhiteElo "2495"]
[BlackElo "2358"]

1.e4 c5 2.Nf3 Nc6 3.Bb5 g6 4.O-O Nf6 5.Re1 Bg7 6.c3 O-O 7.e5 Nd5 8.d4 cxd4
9.cxd4 d6 10.Nc3 Nxc3 11.bxc3 Bg4 12.exd6 Qxd6 13.h3 Bxf3 14.Qxf3 Rac8 15.a4 Qf6
16.Qg3 e6 17.Rb1 Qf5 18.Ba3 Rfd8 19.Bxc6 bxc6 20.Rb7 a5 21.Re3 Qd5 22.Be7 Re8
23.Ra7 Rb8 24.Qc7 Rec8 25.Qf4 Ra8 26.Rb7 c5 27.Rb5 Qc4 28.Rf3 e5 29.dxe5 Qxf4
30.Rxf4 Bxe5 31.Rf3 Rab8 32.c4 Rxb5 33.axb5 Re8 34.Bg5 Bd4 35.g3 Re2 36.Bf6 Bxf6
37.Rxf6 Rc2 38.Ra6 Rxc4 39.Rxa5 Rb4 40.Kf1 Rb2 41.Ke1 c4 42.Kd1 c3 43.f4 h5
44.g4 hxg4 45.hxg4 Kf8 46.g5 Ke7 47.Ra7+ Ke6 48.Ra6+ Ke7 49.Rb6 Kd7 50.Kc1 Ke7
51.Kd1 Rd2+ 52.Kc1 Rb2 53.Rb7+ Ke6 54.b6 f6 55.Rb8 fxg5 56.fxg5 Kf5 57.b7 Kxg5
58.Kd1 Rd2+ 59.Kc1 Rd7 60.Kb1 Rg7 61.Kc1 Rf7 62.Kd1 Re7 63.Kc1 Rd7 64.Kb1 Kg4
65.Kc2 Rc7 66.Rg8 Rxb7 67.Rxg6+  1/2-1/2

[Event "ch-ISL"]
[Site "Hafnarborg ISL"]
[Date "2003.08.27"]
[Round "4"]
[White "Thorhallsson,T"]
[Black "Kjartansson,D"]
[Result "1/2-1/2"]
[WhiteElo "2444"]
[BlackElo "2320"]

1.e4 c5 2.Nf3 Nc6 3.Bb5 e6 4.O-O Nge7 5.Re1 a6 6.Bf1 d5 7.exd5 Nxd5 8.d3 Be7
9.g3 b6 10.Bg2 Bb7 11.Nbd2 Qc7 12.Ne4 Rd8 13.c3 O-O 14.Qe2 Qc8 15.Bg5 Bxg5
16.Nexg5 h6 17.Ne4 Nde7 18.Rad1 Rd7 19.Ned2 Rfd8 20.Nc4 Qc7 21.h4 b5 22.Ne3 Ne5
23.Nxe5 Qxe5 24.Bxb7 Rxb7 25.Nc2 Qxe2 26.Rxe2 Rbd7 27.Red2 Nc6 28.Kf1 Kf8
29.Ke2 Ke7 30.Ne3 g6  1/2-1/2

[Event "Acropolis Open"]
[Site "Athens GRE"]
[Date "2003.08.29"]
[Round "5"]
[White "Markidis,K"]
[Black "Gershon,A"]
[Result "0-1"]
[WhiteElo "2358"]
[BlackElo "2510"]

1.e4 c5 2.Nf3 Nc6 3.Bb5 g6 4.Bxc6 dxc6 5.d3 Bg7 6.h3 Nf6 7.Nc3 Nd7 8.Be3 e5
9.Qd2 h6 10.h4 h5 11.O-O-O Qe7 12.Ng5 Nf8 13.f4 exf4 14.Bxf4 Bg4 15.Rde1 f6
16.Nh3 O-O-O 17.Kb1 Ne6 18.Be3 Nd4 19.Nf4 Qe8 20.Bf2 b6 21.Bg3 Kb7 22.Nfe2 Be6
23.Nxd4 cxd4 24.Ne2 Bf7 25.Rhf1 Qe6 26.Nc1 Rd7 27.Qf2 Re8 28.Re2 a5 29.Bf4 a4
30.Bd2 c5 31.Qf3 Ka7 32.c4 Rb7 33.Bf4 Ree7 34.Qg3 Red7 35.Qe1 Re7 36.b3 Qc6
37.bxa4 Qxa4 38.Nb3 Re6 39.Ka1 Bf8 40.Rff2 Ka6 41.Qd1 Be8 42.Rb2 b5 43.cxb5+ Rxb5
44.Qc2 Ka7 45.Nd2 Qxc2 46.Rxc2 Reb6 47.Rf1 Bf7 48.Rfc1 Be7 49.Nc4 Ra6 50.Rb1 Bxc4
51.dxc4 Rxb1+ 52.Kxb1 Re6  0-1

[Event "1st League TCh-SCG"]
[Site "Budva SCG"]
[Date "2003.08.29"]
[Round "1"]
[White "Perunovic,Mil"]
[Black "Nataf,IA"]
[Result "1-0"]
[WhiteElo "2527"]
[BlackElo "2549"]

1.e4 c5 2.Nf3 Nc6 3.Bb5 g6 4.Bxc6 dxc6 5.d3 Bg7 6.h3 Nf6 7.Nc3 Nd7 8.Be3 e5
9.Qd2 h6 10.Nh2 Qe7 11.O-O Nf8 12.f4 exf4 13.Rxf4 Be6 14.Raf1 Nd7 15.R4f2 f6
16.Nf3 b6 17.Ne2 h5 18.e5 O-O-O 19.exf6 Bxf6 20.Bg5 Bd5 21.Nc3 Rhf8 22.Nxd5 cxd5
23.Re1 Bxg5 24.Rxe7 Bxd2 25.Nxd2 Rde8 26.Rxf8 Rxf8 27.Nf3 a5 28.Ne5 Nxe5
29.Rxe5 Kc7 30.Rxd5 Re8 31.Kf2 Rf8+ 32.Ke2 Re8+ 33.Kd2 Kc6 34.Rg5 Re6 35.Kc3 b5
36.a4 bxa4 37.Kc4 Kb6 38.g3 Rc6 39.c3 Ka6 40.Rxc5 Rb6 41.Rg5 Rxb2 42.Rxg6+ Kb7
43.Re6 a3 44.Re1 a2 45.Ra1 Kb6 46.g4 h4 47.d4 Rh2 48.g5 Rg2 49.g6 Rxg6 50.Rxa2 Rg3
51.Rb2+ Kc6 52.d5+ Kc7 53.Rb5 a4 54.Ra5 Rxh3 55.Rxa4 Rg3 56.Ra6 h3 57.Rh6 Kb7
58.Kd4 Rf3 59.c4 Rg3 60.Kc5 Rc3 61.Rh7+ Kc8 62.Kb5 Kd8 63.c5 Rb3+ 64.Kc6 Ra3
65.d6 Ra6+ 66.Kd5 Ra3 67.Rh8+  1-0

[Event "1st League TCh-SCG"]
[Site "Budva SCG"]
[Date "2003.08.29"]
[Round "1"]
[White "Pikula,D"]
[Black "Miljkovic,Mir"]
[Result "1/2-1/2"]
[WhiteElo "2489"]
[BlackElo "2414"]

1.e4 c5 2.Nf3 Nc6 3.Bb5 g6 4.Bxc6 dxc6 5.h3 Bg7 6.d3 Nf6 7.Nc3 O-O 8.Be3 b6
9.Qd2 e5 10.Bh6 Qd6 11.O-O-O a5 12.g4 a4 13.Kb1 Be6 14.Ne2 a3 15.b3 Bxh6
16.Qxh6 c4 17.Ng3 cxb3 18.cxb3 Ra5 19.Nf5 Bxf5 20.gxf5 Re8 21.Rhg1 Qf8 22.Qh4 Qg7
23.Rc1 c5 24.Nd2 Ra6 25.Nc4 Nh5 26.Nd6 Rf8 27.fxg6 hxg6 28.Nf5 Qh8 29.Ne7+ Kh7
30.Rg5 b5 31.Rxh5+ gxh5 32.Qxh5+ Kg7 33.Qg5+ Kh7 34.Qh5+ Kg7 35.Rg1+ Kf6
36.Nd5+ Ke6 37.Nc7+ Kd6 38.Qxh8 Rxh8 39.Nxa6 Ra8 40.Rg7 Rxa6 41.Rxf7 Ra8
42.Kc2 Rh8 43.b4 cxb4 44.Kb3 Rxh3 45.f3 Rh2 46.Kxb4 Rxa2 47.Kxb5 Rf2 48.Ra7 a2
49.Ra6+ Ke7 50.Kc4 Kd7 51.Ra3 Kc6 52.Kb3 Kc5 53.Kc3 Kb5 54.Ra8 Kc5 55.Ra7 Kb6
56.Ra8 Kc5 57.Ra5+ Kb6 58.Ra4 Kb5 59.Ra8  1/2-1/2

[Event "European GP"]
[Site "Izmir TUR"]
[Date "2003.08.29"]
[Round "5"]
[White "Comez,K"]
[Black "Bagaturov,G"]
[Result "0-1"]
[WhiteElo "2215"]
[BlackElo "2462"]

1.e4 c5 2.Nf3 Nc6 3.Bb5 d6 4.d4 cxd4 5.Nxd4 Bd7 6.Bxc6 bxc6 7.O-O Nf6 8.Nc3 g6
9.h3 Bg7 10.Be3 O-O 11.Qd2 d5 12.exd5 cxd5 13.Nb3 e6 14.Rfe1 Qc7 15.Bf4 Qc6
16.Rad1 Rfd8 17.Qe3 Ne8 18.Be5 Bxe5 19.Qxe5 Qc7 20.Qd4 Bc6 21.Nc5 Ng7 22.Nd3 Nf5
23.Qf6 Qe7 24.Qe5 Rac8 25.Nf4 Qd6 26.Nd3 Qxe5 27.Nxe5 Bb7 28.Rd2 f6 29.Ng4 Kf7
30.Red1 Ke7 31.Ne2 Nd6 32.c3 Nc4 33.Rc2 e5 34.Ne3 Nb6 35.Rcd2 Ke6 36.f4 Ba6
37.fxe5 fxe5 38.Nc1 Bb7 39.Nb3 h5 40.g3 Ba8 41.Rf2 Rf8 42.Rdf1 Rxf2 43.Rxf2 Nd7
44.Ng2 Nf6 45.Nh4 Ne4 46.Rf3 Ng5 47.Re3 Nxh3+ 48.Kh2 Nf2 49.Re2 Ng4+ 50.Kh3 Kf6
51.Re1 d4 52.Rf1+ Kg7 53.Rc1 d3 54.Nd2 e4 55.Ng2 e3 56.Nxe3 Nxe3 57.Re1 Ng4
58.Re7+ Kh6 59.Rd7 Rf8  0-1

[Event "ch-FRA Playoff"]
[Site "Aix les Bains FRA"]
[Date "2003.08.30"]
[Round "2"]
[White "Sokolov,And1"]
[Black "Lautier,J"]
[Result "0-1"]
[WhiteElo "2554"]
[BlackElo "2677"]

1.e4 c5 2.Nf3 Nc6 3.Bb5 Nf6 4.Nc3 Qc7 5.O-O Nd4 6.Re1 a6 7.Bf1 e5 8.Nd5 Nxd5
9.exd5 d6 10.c3 Nxf3+ 11.Qxf3 Be7 12.d4 O-O 13.dxe5 dxe5 14.Qg3 Bd6 15.c4 f5
16.Bd2 Rf6 17.Qa3 a5 18.Bc3 Rg6 19.Rad1 Bd7 20.Rd3 e4 21.Rh3 b6 22.Qb3 Re8
23.Qc2 f4 24.Rh5 Bg4 25.Rh4 Bf3 26.Kh1 Qe7 27.Rxh7 Kxh7 28.gxf3 Qg5 29.Bh3 exf3
30.Rd1 Re2 31.Qf5 Rxf2 32.Qxg5 Rxg5  0-1

[Event "1st League TCh-SCG"]
[Site "Budva SCG"]
[Date "2003.08.30"]
[Round "2"]
[White "Iordachescu,V"]
[Black "Popadic,Dr"]
[Result "1-0"]
[WhiteElo "2606"]
[BlackElo "2261"]

1.e4 c5 2.Nf3 Nc6 3.Bb5 e5 4.O-O d6 5.c3 Nf6 6.d4 Bd7 7.Re1 Qc7 8.Bg5 Be7
9.Nbd2 cxd4 10.cxd4 O-O 11.Rc1 exd4 12.Nxd4 Qb6 13.Bxc6 bxc6 14.Nc4 Qc7 15.e5 dxe5
16.Nxe5 Rad8 17.Qf3 Nd5 18.Bd2 Qd6 19.Ndxc6 Bxc6 20.Nxc6 Rd7 21.Nxe7+ Nxe7
22.Bc3 Ng6 23.Rcd1 Qc7 24.g3 Rfd8 25.Rxd7 Qxd7 26.h4 Nf8 27.a3 h6 28.h5 Ne6
29.Qg4 Qb7 30.Rd1 Re8 31.Qa4 Rc8 32.Rd7 Qf3 33.Qd1 Qf5 34.Qd5 Qg4 35.Qd1 Qf5
36.Rd5 Qh3 37.Qd3 Qg4 38.Qf5 Qa4 39.Rd6 Re8 40.Qd5 Qg4 41.Qd1 Qe4 42.Rd3 Qf5
43.Rd5 Qe4 44.Re5 Qc6 45.Qd5 Qa4 46.Qe4 Qd1+ 47.Kg2 Qd7 48.Qd5 Qa4 49.Qb5 Qxb5
50.Rxb5 Re7 51.Bd2 Nd4 52.Rc5 Re2 53.Be3 Ne6 54.Rc8+ Kh7 55.b4 Ra2 56.Rc3 a6
57.Kf3 g6 58.hxg6+ Kxg6 59.Ke4 f6 60.Kd5 Ng5 61.f4 Nf7 62.Kc6 Kf5 63.Kb6 Nd6
64.Kxa6 Ne4 65.Rb3 Nxg3 66.b5 Ne4 67.b6 Nd6 68.Bc5 Ne4 69.Bb4  1-0

[Event "V Open"]
[Site "Sants ESP"]
[Date "2003.08.30"]
[Round "10"]
[White "Garrido Fernandez,D"]
[Black "Munoz Pantoja,M"]
[Result "0-1"]
[WhiteElo "2234"]
[BlackElo "2438"]

1.e4 c5 2.Nf3 Nc6 3.Bb5 Nf6 4.Qe2 g6 5.Nc3 Bg7 6.e5 Ng4 7.Bxc6 dxc6 8.h3 Nh6
9.g4 O-O 10.d3 f5 11.g5 Nf7 12.Bf4 Qb6 13.O-O-O Nd8 14.h4 Ne6 15.Qe3 Bd7
16.h5 Be8 17.hxg6 Bxg6 18.Rh4 a5 19.Rdh1 a4 20.Ne2 a3 21.b3 Qa5 22.Nd2 b5
23.Qh3 Rad8 24.Rxh7 c4 25.Ne4 cxd3 26.cxd3 b4 27.Nf6+ Kf7 28.Qh6 Rh8 29.Rxh8 Rxh8  0-1

[Event "Acropolis Open"]
[Site "Athens GRE"]
[Date "2003.08.31"]
[Round "7"]
[White "Markidis,K"]
[Black "Skiadopoulos,N"]
[Result "0-1"]
[WhiteElo "2358"]
[BlackElo "2225"]

1.e4 c5 2.Nf3 Nc6 3.Bb5 g6 4.c3 Bg7 5.d4 cxd4 6.cxd4 Qb6 7.Nc3 Nxd4 8.Nd5 Nxf3+
9.Qxf3 Qd6 10.Bf4 Be5 11.Bxe5 Qxe5 12.Rc1 Kf8 13.Qe3 b6 14.Nc7 Rb8 15.f4 Qxb2
16.O-O Bb7 17.Bxd7 Nf6 18.Bc6 Bxc6 19.Rxc6 Rd8 20.e5 Ng4 21.Qf3 h5 22.h3 Rd2
23.Rc3 Nh6 24.Rd3 Kg7 25.Rxd2 Qxd2 26.Rd1 Qc2 27.Rd7 Rc8 28.Qb7 Qc1+ 29.Kh2 Qxf4+
30.Kg1 Qe3+ 31.Kh1 Qe1+ 32.Kh2 Qxe5+ 33.Kg1 Qe1+ 34.Kh2 Rh8 35.g3 Ng4+ 36.hxg4 hxg4+
37.Kg2 Qh1+ 38.Kf2 Qxb7 39.Ne8+ Rxe8 40.Rxb7 e6 41.Rxa7 Rc8 42.Ke3 g5 43.Kd4 b5
44.Ra5 Rc4+ 45.Kd3 Rc5 46.Ke4 f5+ 47.Kd4 Rd5+ 48.Ke3 Kf6 49.Ra8 Rc5 50.Kd4 Rc4+
51.Kd3 Ra4 52.Rf8+ Ke5 53.Rb8 Ra3+  0-1

[Event "Acropolis Open"]
[Site "Athens GRE"]
[Date "2003.08.31"]
[Round "7"]
[White "Dzhumaev,M"]
[Black "Kapnisis,S"]
[Result "0-1"]
[WhiteElo "2495"]
[BlackElo "2392"]

1.e4 c5 2.Nf3 Nc6 3.Bb5 g6 4.O-O Bg7 5.c3 Nf6 6.Re1 O-O 7.e5 Nd5 8.d4 cxd4
9.cxd4 Nc7 10.Nc3 Nxb5 11.Nxb5 a6 12.Nc3 d6 13.exd6 exd6 14.Bg5 f6 15.Bf4 g5
16.Be3 Bg4 17.Qb3+ Rf7 18.d5 Bxf3 19.dxc6 Bxc6 20.Bd4 Kf8 21.Re6 Qa5 22.Rae1 Re8
23.Bb6 Qf5 24.Rxe8+ Bxe8 25.Nd5 Bc6 26.Nc7 Kg8 27.Ne6 Qd5 28.Qxd5 Bxd5 29.Nd4 f5
30.Re8+ Rf8 31.Re7 f4 32.b3 Rc8 33.f3 Be5 34.h3 Rc1+ 35.Kh2 Rd1 36.Nf5 Rd2
37.Kg1 Rd1+ 38.Kf2 Rd2+ 39.Kg1 Rxa2 40.Rxe5 dxe5 41.Ne7+ Kf7 42.Nxd5 Rb2
43.b4 Ke6 44.Nc7+ Kd7 45.Ba5 b6 46.Bxb6 Rxb4 47.Nd5 Rb5 48.Nf6+ Ke7 49.Ng8+ Kf7  0-1

[Event "Polish Extraleague"]
[Site "Lubniewice POL"]
[Date "2003.08.31"]
[Round "2"]
[White "Miton,K"]
[Black "Jasik,K"]
[Result "1/2-1/2"]
[WhiteElo "2546"]
[BlackElo "2343"]

1.e4 c5 2.Nf3 Nc6 3.Bb5 d6 4.O-O Bd7 5.Re1 Nf6 6.c3 a6 7.Bf1 Bg4 8.h3 Bh5
9.d3 e6 10.Nbd2 Be7 11.a3 O-O 12.b4 d5 13.e5 Nd7 14.g4 Bg6 15.d4 c4 16.Bg2 b5
17.a4 Nb6 18.a5 Na4 19.Re3 f5 20.exf6 Bxf6 21.Qe1 Qd7 22.Nf1 Rae8 23.Ng3 Bd8
24.Ra2 Bc7 25.Ne5 Nxe5 26.dxe5 d4 27.cxd4 Qxd4 28.Rd2 Qa7 29.Bc6 Rd8 30.Bd7 Bf7
31.Nf5 exf5 32.e6 Bxe6 33.Bxe6+ Kh8 34.Bxf5 Qb8 35.Re6 Bd6 36.Rd1 c3 37.Bg5 Bh2+
38.Kg2 Rxd1 39.Qxd1 Be5 40.Qd5 Bf4 41.Be7 Re8 42.Bc2 Qa8 43.Qxa8 Rxa8 44.Rc6 Be5
45.Kf3 g6 46.Ke4 Bg7 47.Rd6 Nb2 48.Rd8+ Rxd8 49.Bxd8 Nc4 50.Be7 Kg8 51.Bc5 Nd2+
52.Kd3 Nf3 53.Bb3+ Kh8 54.Be3 Ne5+ 55.Kxc3 Nc6+ 56.Kd2 Nxb4 57.Bb6  1/2-1/2

[Event "V Open"]
[Site "Sants ESP"]
[Date "2003.08.31"]
[Round "2"]
[White "Izuel Samitier,F"]
[Black "Fluvia Poyatos,J"]
[Result "0-1"]
[WhiteElo "2082"]
[BlackElo "2461"]

1.e4 c5 2.Nf3 Nc6 3.Bb5 Nf6 4.e5 Nd5 5.Nc3 Nc7 6.Bc4 g6 7.Ne4 d5 8.exd6 exd6
9.Qe2 Be6 10.Neg5 d5 11.Bb3 c4 12.Ba4 b5 13.Nxe6 fxe6 14.d3 cxd3 15.cxd3 bxa4
16.Bg5 Bb4+ 17.Kd1 Qd7 18.Ne5 Nxe5 19.Qxe5 O-O 20.Rc1 Bd6  0-1

[Event "ch-LIB"]
[Site "Beruit LIB"]
[Date "2003.09.01"]
[Round "3"]
[White "Kassis,A"]
[Black "Barakat,R"]
[Result "1-0"]
[WhiteElo "2206"]
[BlackElo "2057"]

1.e4 c5 2.Nf3 Nc6 3.Bb5 Qc7 4.c3 a6 5.Ba4 b5 6.Bc2 e5 7.O-O g6 8.d4 d6 9.Be3 Nf6
10.h3 Bd7 11.Nbd2 Rc8 12.d5 Ne7 13.Nh2 Neg8 14.f4 Bh6 15.Qf3 Qd8 16.fxe5 Bxe3+
17.Qxe3 dxe5 18.Qg3 Qe7 19.Nhf3 Kf8 20.Qxe5 Kg7 21.Qxe7 Nxe7 22.Ne5 Be8 23.a4 Nexd5
24.exd5 Nxd5 25.Rfe1 f6 26.Nef3 b4 27.c4 Nf4 28.Re7+ Bf7 29.Rae1 Rc6 30.Rd7 h5
31.Ree7 Rf8 32.Kh2 g5 33.Be4 Rb6 34.Bd5 Nxd5 35.Rxd5 Rbb8 36.Red7 Rbc8 37.R5d6 Rfe8
38.Rxa6 Red8 39.Raa7 Rxd7 40.Rxd7 g4 41.hxg4 hxg4 42.Nh4 Ra8 43.Ne4 Kf8 44.Nd6 Be8
45.Rc7 Ra5 46.Rc8 Ke7 47.Nhf5+  1-0